000 00900nam a2200265Ia 4500
003 OSt
005 20220930072620.0
006 a|||||r|||| 00| 0
007 ta
008 220926b |||||||| |||| 00| 0 eng d
024 _a24652
037 _cTheses
040 _aCRL
_cCRL
_beng
041 _2eng
_aeng
100 _aMonga Rajnish
_9530136
110 _aUniversity of Delhi. Faculty of Medical Sciences. Department of Medicine
245 0 _aElectrocardiographic study of markers of ventricular repolarization variation in patients of acute myocardial infarction on thrombolytic therapy
260 _c1997
300 _a94p.
_ap.
_ccm.
650 _aMEDICINE
700 _a Dr S K Chugh Supervisor
_9523746
700 _aUniversity of Delhi. Faculty of Medical Sciences. Department of Medicine
942 _cDIS
_2CC
999 _c864109
_d864109